[Event "Brno Veletrh"]
[Site "?"]
[Date "2024.09.08"]
[Round "9"]
[White "Svobodova, Michaela"]
[Black "Kladnak, Martin"]
[Result "1/2-1/2"]
[WhiteElo "1928"]
[BlackElo "2054"]
[PlyCount "34"]
[GameId "2087429965119551"]
[EventDate "2024.09.??"]

1. e4 e5 2. Nf3 Nc6 3. Nc3 Nf6 4. d4 exd4 5. Nxd4 Bb4 6. Nxc6 bxc6 7. Bd3 d5 8. exd5 cxd5 9. O-O O-O 10. h3 h6 11. Qf3 c6 12. Bf4 Be6 13. Ne2 Bd6 14. Nd4 Bxf4 15. Qxf4 Bd7 16. Rfe1 Qb8 17. Qxb8 Raxb8 {(R)} 1/2-1/2

[Event "Brno Veletrh"]
[Site "?"]
[Date "2024.09.08"]
[Round "9"]
[White "Mikolas, Jakub"]
[Black "Kuchar, Matej"]
[Result "0-1"]
[WhiteElo "1766"]
[BlackElo "2048"]
[PlyCount "68"]
[GameId "2087430167277638"]
[EventDate "2024.09.??"]

1. d4 Nf6 2. c4 c5 3. d5 b5 4. cxb5 a6 5. e3 g6 6. Nc3 Bg7 7. e4 d6 8. Nf3 O-O 9. a4 Nbd7 10. Be2 axb5 11. Bxb5 Ba6 12. Qc2 Nxe4 13. Bxa6 Nxc3 14. Bb7 Nb5 15. Bxa8 Qxa8 16. O-O Nc7 17. Bg5 {(R)} Nxd5 18. Rad1 e6 19. b3 Rb8 20. Qc4 Qb7 21. Rd3 Qc6 22. Qe4 h6 23. Bf4 Rb4 24. Nd4 cxd4 25. Rc1 Nc5 26. Qf3 Qa6 27. Rdd1 Nxf4 28. Qxf4 Nd3 29. Rxd3 Qxd3 30. Rc8+ Kh7 31. g4 Rb7 32. Qxd6 Qd1+ 33. Kg2 Qxg4+ 34. Kf1 Rxb3 0-1

[Event "Brno Veletrh"]
[Site "?"]
[Date "2024.09.08"]
[Round "9"]
[White "Lisik, Miroslav"]
[Black "Kubatova, Beta"]
[Result "1/2-1/2"]
[WhiteElo "1855"]
[BlackElo "1775"]
[PlyCount "56"]
[GameId "2087430381641805"]
[EventDate "2024.09.??"]

1. e4 c6 2. d4 d5 3. e5 Bf5 4. Nf3 e6 5. Be2 Nd7 6. O-O Ne7 7. Nbd2 Bg6 8. a4 c5 9. dxc5 Nxc5 10. Bb5+ Nc6 11. b4 Nd7 12. Bxc6 bxc6 13. c3 Be7 14. Nb3 O-O 15. Nbd4 Qc7 16. Re1 a6 17. Ba3 c5 18. bxc5 Bxc5 19. Bxc5 Qxc5 20. Qd2 Nb6 21. Nb3 Qc7 22. Qd4 Nc4 23. Nbd2 Rfc8 24. Nxc4 Qxc4 25. Re3 Rab8 26. Rd1 Qxd4 27. Nxd4 h6 28. g4 Re8 1/2-1/2

[Event "Brno Veletrh"]
[Site "?"]
[Date "2024.09.08"]
[Round "9"]
[White "Neduchal, Jiri"]
[Black "Vacekova, Anita"]
[Result "1/2-1/2"]
[WhiteElo "1866"]
[BlackElo "1747"]
[PlyCount "42"]
[GameId "2087430767231067"]
[EventDate "2024.09.??"]

1. Nf3 Nf6 2. c4 g6 3. g3 Bg7 4. Bg2 O-O 5. O-O c6 6. Nc3 d5 7. cxd5 Nxd5 8. a3 Bg4 9. Qb3 Nxc3 10. bxc3 Qb6 11. Rb1 Nd7 12. d4 Qxb3 13. Rxb3 b6 14. a4 Be6 15. Rb1 Bd5 16. Re1 Nf6 17. Bg5 Rfe8 18. Bxf6 exf6 19. Nd2 Bxg2 20. Kxg2 f5 21. e3 Kf8 {(R)} 1/2-1/2

[Event "Brno Veletrh"]
[Site "?"]
[Date "2024.09.08"]
[Round "9"]
[White "Pavlik, Vladimir"]
[Black "Kotisa, Jan"]
[Result "1-0"]
[WhiteElo "1975"]
[BlackElo "1688"]
[PlyCount "61"]
[GameId "2087430954336354"]
[EventDate "2024.09.??"]

1. c4 e6 2. d4 d5 3. Nf3 c5 4. e3 Nf6 {(R)} 5. Nc3 Nc6 6. Be2 dxc4 7. Bxc4 cxd4 8. exd4 Be7 9. O-O O-O 10. Re1 Na5 11. Bd3 Nc6 12. a3 Nd5 13. Bc2 Bf6 14. Qd3 g6 15. Bh6 Bg7 16. Bxg7 Kxg7 17. Rad1 Nxc3 18. bxc3 b6 19. c4 Bb7 20. d5 exd5 21. cxd5 Nb8 22. d6 Bxf3 23. Qxf3 Nd7 24. Re7 Nf6 25. Bb3 Rc8 26. h3 a6 27. Qb7 b5 28. Rxf7+ Rxf7 29. Qxf7+ Kh8 30. d7 Rc7 31. Qxf6+ 1-0

[Event "Brno Veletrh"]
[Site "?"]
[Date "2024.09.08"]
[Round "9"]
[White "Pribyl, Rene"]
[Black "Krystl, Jaromir"]
[Result "1-0"]
[WhiteElo "1944"]
[BlackElo "1799"]
[PlyCount "99"]
[GameId "2087431186956393"]
[EventDate "2024.09.??"]

1. d4 Nf6 2. c4 g6 3. Nc3 Bg7 4. e4 d6 5. f4 O-O 6. Nf3 c5 7. d5 Bg4 8. Be2 Na6 9. O-O Nc7 10. Rb1 Nfe8 11. h3 Bc8 12. Qc2 e6 13. Be3 exd5 14. exd5 b5 15. Nxb5 Nxb5 16. cxb5 Nf6 17. Rbd1 Re8 18. Bc1 Ne4 19. Rfe1 Ng3 20. Bd3 Rxe1+ 21. Rxe1 Bd7 22. a4 Nf5 23. Bd2 Nd4 24. Nxd4 Bxd4+ 25. Kh2 Bf2 26. Rf1 Qh4 27. Bc1 Qg3+ 28. Kh1 Bd4 29. Qe2 Re8 30. Qf3 Qh4 31. b3 Qf6 32. Bd2 Bf5 33. Kh2 h5 34. g3 Kg7 35. Re1 Rxe1 36. Bxe1 Ba1 37. Bxf5 Qxf5 38. a5 Qc2+ 39. Kg1 Bd4+ 40. Kf1 c4 41. bxc4 Qxc4+ 42. Qe2 Qxd5 43. Qd3 Qc5 44. g4 hxg4 45. hxg4 d5 46. Bd2 Kf6 47. Ke2 Ba1 48. Qb3 d4 49. b6 axb6 50. Qxb6+ 1-0

[Event "Brno Veletrh"]
[Site "?"]
[Date "2024.09.08"]
[Round "9"]
[White "Rehurek, Karel"]
[Black "Berdnikov, Tsyren"]
[Result "1-0"]
[WhiteElo "1851"]
[BlackElo "1422"]
[PlyCount "69"]
[GameId "2087431407186032"]
[EventDate "2024.09.??"]

1. e4 e5 2. Nf3 Nf6 3. Nxe5 Nc6 4. Nxc6 dxc6 5. d3 Bc5 6. Be2 Qd4 7. O-O h5 8. c3 Qd6 9. d4 Bb6 10. Bg5 Qe6 11. Nd2 Nh7 12. Be3 h4 13. h3 Qe7 14. e5 Be6 15. Bg4 O-O-O 16. Bxe6+ fxe6 17. Qg4 Kb8 18. Qg6 c5 19. Nf3 cxd4 20. cxd4 Qb4 21. Qxe6 Qxb2 22. Rfb1 Qa3 23. Rb3 Qf8 24. Nxh4 Bxd4 25. Rab1 Bb6 26. Ng6 Qe8 27. Qxe8 Rhxe8 28. Bxb6 cxb6 29. f4 Rd2 30. R1b2 Rd7 31. Rc2 Re6 32. f5 Rc6 33. Re2 Rf7 34. g4 Ng5 35. Kg2 1-0

[Event "Brno Veletrh"]
[Site "?"]
[Date "2024.09.08"]
[Round "9"]
[White "Slegl, Milan"]
[Black "Nisztuk, Michal"]
[Result "0-1"]
[WhiteElo "1699"]
[BlackElo "1837"]
[PlyCount "64"]
[GameId "2087431803400320"]
[EventDate "2024.09.??"]

1. d4 d5 2. Nf3 c5 3. c3 cxd4 4. Qa4+ Nc6 5. Nxd4 Bd7 6. Nxc6 bxc6 7. Qf4 Nf6 8. Nd2 Rb8 9. e4 dxe4 10. Nxe4 Nd5 11. Qf3 e5 12. Bc4 f5 13. Bxd5 cxd5 14. Ng3 e4 15. Qd1 Be6 16. O-O Bc5 17. Nh5 O-O 18. Nf4 Bf7 19. b4 Bb6 20. a3 d4 21. Bb2 Bc4 22. Re1 d3 23. Bc1 Qh4 24. Be3 Bc7 25. g3 Qf6 26. Qd2 Rb7 27. h4 h6 28. Bd4 Qc6 29. Re3 Bxf4 30. gxf4 Bf7 31. Rg3 Bh5 32. Rxg7+ Rxg7+ 0-1

[Event "Brno Veletrh"]
[Site "?"]
[Date "2024.09.08"]
[Round "9"]
[White "Klinkovsky, Vojtech"]
[Black "Svabova, Klara"]
[Result "1-0"]
[WhiteElo "1699"]
[BlackElo "1220"]
[PlyCount "55"]
[GameId "2087432044908679"]
[EventDate "2024.09.??"]

1. e4 e5 2. Nf3 Nc6 3. Bc4 Bc5 4. c3 Na5 5. Nxe5 Nxc4 6. Nxc4 Qf6 7. d4 Be7 8. O-O Qa6 9. Ne3 d6 10. Nd5 Qc6 11. Re1 Be6 12. Nxe7 Nxe7 13. d5 Bxd5 14. exd5 Qd7 15. Bg5 O-O-O 16. Bxe7 Rde8 17. Bg5 Rxe1+ 18. Qxe1 Re8 19. Be3 Qb5 20. Qd2 f5 21. Na3 Qd7 22. Re1 Qe7 23. Nc2 h6 24. Bd4 Qf7 25. Rxe8+ Qxe8 26. Qe1 Qg6 27. Qe6+ Qxe6 28. dxe6 1-0

[Event "Brno Veletrh"]
[Site "?"]
[Date "2024.09.08"]
[Round "9"]
[White "Levchenko, Alisa"]
[Black "Bata, Jiri"]
[Result "1-0"]
[WhiteElo "1638"]
[BlackElo "1658"]
[PlyCount "93"]
[GameId "2087432233226382"]
[EventDate "2024.09.??"]

1. d4 d5 2. c4 c6 3. Nf3 Nf6 4. g3 e6 5. Bg2 dxc4 6. Ne5 Be7 7. O-O O-O 8. Nxc4 Nbd7 9. Qc2 Nb6 10. Rd1 Nxc4 11. Qxc4 Bd7 12. Nc3 Rc8 13. b4 Nd5 14. a3 a5 15. Rb1 axb4 16. axb4 b5 17. Qb3 Bxb4 18. Nxd5 cxd5 19. Qxb4 Rc4 20. Qb2 Qc7 21. Bf4 Qc6 22. Rdc1 h6 23. h4 Rc8 24. Bf1 b4 25. e4 Rxc1 26. Rxc1 Qa4 27. Rxc8+ Bxc8 28. e5 Qa3 29. Qxa3 bxa3 30. Bc1 a2 31. Bb2 Bd7 32. Bd3 Ba4 33. Kf1 Bb3 34. Ke2 Kf8 35. Kd2 Ke7 36. Kc3 Ba4 37. Kb4 Bd1 38. Ka3 f6 39. Kxa2 Bf3 40. Kb3 f5 41. Kb4 g5 42. hxg5 hxg5 43. Bc1 g4 44. Kc5 Bd1 45. Bb5 Bb3 46. Bg5+ Kf7 47. Bd7 1-0

[Event "Brno Veletrh"]
[Site "?"]
[Date "2024.09.08"]
[Round "9"]
[White "Sknouril, Jakub"]
[Black "Prihoda, Josef"]
[Result "1-0"]
[WhiteElo "1771"]
[BlackElo "1624"]
[PlyCount "101"]
[GameId "2087432482152597"]
[EventDate "2024.09.??"]

1. e4 c5 2. Nc3 Nc6 3. f4 g6 4. Nf3 Bg7 5. Bb5 Nd4 6. O-O Nxb5 7. Nxb5 a6 8. Nc3 e6 9. Qe1 Ne7 10. d3 f5 11. Rb1 b6 12. Bd2 Bb7 13. e5 O-O 14. d4 c4 15. Qh4 Nd5 16. Qxd8 Rfxd8 17. Nxd5 Bxd5 18. Bb4 Bf8 19. Bxf8 Kxf8 20. c3 b5 21. Nd2 Rab8 22. b3 Ke7 23. bxc4 bxc4 24. g3 Rdc8 25. Kf2 h6 26. Rxb8 Rxb8 27. Rb1 Rxb1 {(R)} 28. Nxb1 g5 29. Nd2 Kf7 30. Nf1 Be4 31. Ne3 Bd3 32. Nd1 Bb1 33. a3 Bc2 34. Ne3 Bd3 35. d5 Kg7 36. d6 Kf7 37. h3 g4 38. h4 Ke8 39. Nd1 Kd8 40. Nb2 Kc8 41. Ke3 Bf1 42. Kd4 Kb7 43. Nxc4 Kc6 44. a4 Bg2 45. Na5+ Kb6 46. Nb3 Kc6 47. c4 Bf3 48. c5 Kb7 49. Na5+ Kc8 50. c6 Bd1 51. c7 1-0

[Event "Brno Veletrh"]
[Site "?"]
[Date "2024.09.08"]
[Round "9"]
[White "Pesa, Marek"]
[Black "Kubatova, Ema"]
[Result "1-0"]
[WhiteElo "1738"]
[BlackElo "1650"]
[PlyCount "97"]
[GameId "2087432680845468"]
[EventDate "2024.09.??"]

1. e4 c6 2. Nc3 d5 3. Nf3 Bg4 4. Be2 e6 5. d4 Nf6 6. e5 Nfd7 7. Ng5 Bxe2 8. Qxe2 Qe7 9. O-O h6 10. Nh3 Nb6 11. f4 N8d7 12. a4 a5 13. f5 O-O-O 14. fxe6 Qxe6 15. Qf3 f6 16. Nf4 Qe8 17. e6 Nb8 18. Qg4 Kc7 19. Ng6 Rg8 20. Nxf8 Qxf8 21. Bf4+ Rd6 22. Rae1 Nc8 23. e7 Nxe7 24. Bxd6+ Kxd6 25. Qe6+ Kc7 26. Qxe7+ Qxe7 27. Rxe7+ Nd7 28. Rfe1 g5 29. Rh7 Rd8 30. Rxh6 Kd6 31. Kf2 Rf8 32. Ne2 Rf7 33. Ng3 Nb6 34. b3 Kd7 35. h3 Nc8 36. Nf5 b6 37. Rg6 Nd6 38. Nxd6 Kxd6 39. Re8 Kd7 40. Reg8 Kd6 41. R6g7 Rxg7 42. Rxg7 c5 43. Rb7 Kc6 44. Rf7 cxd4 45. Rxf6+ Kc5 46. Ke2 b5 47. axb5 Kxb5 48. Rf5 Kc5 49. Rxg5 1-0

[Event "Brno Veletrh"]
[Site "?"]
[Date "2024.09.08"]
[Round "9"]
[White "Kanovsky, Vladimir"]
[Black "Pecenka, Petr"]
[Result "0-1"]
[WhiteElo "1578"]
[BlackElo "1495"]
[PlyCount "102"]
[GameId "2087432876728483"]
[EventDate "2024.09.??"]

1. e4 c5 2. Nc3 d6 3. Nf3 Nc6 4. Bc4 Nf6 5. d4 cxd4 6. Nxd4 e6 7. O-O Be7 8. Nxc6 bxc6 9. Re1 O-O 10. Bg5 d5 11. Bb3 Bb7 12. e5 Nd7 13. Bxe7 Qxe7 14. Qg4 f6 15. exf6 Rxf6 16. Ne2 Raf8 17. Qh4 Qc5 18. Rf1 e5 19. c3 Ba6 20. Bd1 Bc4 21. b4 Qb6 22. a4 a5 23. bxa5 Qxa5 24. Rc1 Nc5 25. Bc2 g6 26. Qg4 Qa6 27. Rce1 Nd3 28. Bxd3 Bxd3 29. Ng3 Bxf1 30. Rxf1 Kh8 31. Qe2 Qxe2 32. Nxe2 Ra8 33. Ra1 c5 34. g3 Rfa6 35. f4 e4 36. Kf2 Rxa4 37. Rxa4 Rxa4 38. Ke3 Kg7 39. g4 Kf6 40. h4 Ra2 41. Ng3 Rg2 42. g5+ Kf7 43. Ne2 Rh2 44. c4 Rh3+ 45. Kd2 dxc4 46. Nc3 Rxc3 47. Kxc3 Ke6 48. Kxc4 Kf5 49. Kxc5 Kxf4 50. Kd4 e3 51. Kd3 Kf3 0-1

[Event "Brno Veletrh"]
[Site "?"]
[Date "2024.09.08"]
[Round "9"]
[White "Krasovskyi, Stanislav"]
[Black "Kavanova, Anezka"]
[Result "0-1"]
[WhiteElo "1544"]
[BlackElo "1726"]
[PlyCount "108"]
[GameId "2087433094742186"]
[EventDate "2024.09.??"]

1. e4 c5 2. c4 Nc6 3. Nf3 e5 4. Nc3 Nf6 5. d3 d6 6. Bg5 Be7 7. Be2 O-O 8. O-O Be6 9. Qd2 h6 10. Bh4 Nh7 11. Bxe7 Nxe7 12. Bd1 f5 13. exf5 Nxf5 14. h3 Rc8 15. Ba4 a6 16. Rfe1 Rc7 17. Rad1 Rcf7 18. Ne4 Nf6 19. a3 Nxe4 20. Rxe4 b5 21. cxb5 Bd5 22. Ree1 Bxf3 23. gxf3 Nd4 24. Qe3 axb5 25. Bxb5 Nxb5 26. f4 Rxf4 27. Kh2 Rxf2+ 28. Kg1 Nd4 29. Qxf2 Rxf2 30. Kxf2 Qf6+ 31. Kg2 Qf3+ 32. Kg1 Ne2+ 33. Rxe2 Qxe2 34. Ra1 Qxb2 35. Re1 Qxa3 36. h4 Qxd3 37. Kh1 Qh3+ 38. Kg1 Qxh4 39. Rf1 Qg3+ 40. Kh1 Qh3+ 41. Kg1 Qxf1+ 42. Kxf1 d5 43. Ke2 g5 44. Kf2 c4 45. Ke2 g4 46. Kf2 c3 47. Ke2 g3 48. Ke3 c2 49. Ke2 c1=Q 50. Kf3 g2 51. Kg4 g1=R+ 52. Kf5 Qf4+ 53. Ke6 Rg6+ 54. Kxd5 Qd4# 0-1

[Event "Brno Veletrh"]
[Site "?"]
[Date "2024.09.08"]
[Round "9"]
[White "Carbonai, Gabriele"]
[Black "Daniel, Antonin"]
[Result "1-0"]
[WhiteElo "1543"]
[BlackElo "1648"]
[PlyCount "41"]
[GameId "2087433292206257"]
[EventDate "2024.09.??"]

1. e4 c5 2. Nf3 Nc6 3. Nc3 e6 4. d4 cxd4 5. Nxd4 Nf6 6. Be3 a6 7. Be2 h6 8. f4 Bb4 9. Nxc6 bxc6 10. Bf3 Bb7 11. Qd3 a5 12. a3 Be7 13. e5 Nd5 14. Nxd5 cxd5 15. O-O-O O-O 16. f5 Bg5 17. f6 Bxe3+ 18. Qxe3 gxf6 19. Rd4 Kh7 20. Rh4 Kg6 21. Qxh6+ 1-0

[Event "Brno Veletrh"]
[Site "?"]
[Date "2024.09.08"]
[Round "9"]
[White "Poruban, Tomas"]
[Black "Cagan, Michal"]
[Result "1/2-1/2"]
[WhiteElo "1558"]
[BlackElo "1504"]
[PlyCount "75"]
[GameId "2087433744384191"]
[EventDate "2024.09.??"]

1. d4 Nf6 2. c4 g6 3. Nc3 Bg7 4. Nf3 O-O 5. Bf4 d6 6. e3 Nbd7 7. Bd3 Re8 8. O-O e5 9. Bg5 h6 10. Bxf6 Nxf6 11. Ne4 Nxe4 12. Bxe4 exd4 13. Bd3 dxe3 14. fxe3 Rxe3 15. Qd2 Re8 16. Rab1 Bg4 17. h3 Bxf3 18. Rxf3 Qh4 19. Rbf1 Re7 20. b3 Rae8 21. Qf4 Qxf4 22. Rxf4 g5 23. R4f3 Re3 24. Kh2 Bd4 25. Kg3 Rxf3+ 26. Rxf3 Re3 27. Rxe3 Bxe3 28. Kg4 Bd4 29. Be4 b6 30. Kf5 Kf8 31. Bc6 a5 32. Ke4 Bg7 33. Kf5 Ke7 34. Bd5 Be5 35. g4 Kf8 36. Bc6 Kg7 37. Bd5 f6 38. Be6 1/2-1/2